Commentary on the juvenile justice act / (Record no. 150018)

MARC details
000 -LEADER
fixed length control field 00911nam a22002417a 4500
005 - DATE AND TIME OF LATEST TRANSACTION
control field 20180219112849.0
010 ## - LCCN (DPL NO)
LC control number B-689586
020 ## - INTERNATIONAL STANDARD BOOK NUMBER
Terms of availability 2095.00
International Standard Book Number 9789350357347
035 ## - SYSTEM CONTROL NUMBER
System control number B-689586
037 ## - SOURCE OF ACQUISITION
Stock number dpl
Source of stock number/acquisition KKP
082 ## - DEWEY DECIMAL CLASSIFICATION NUMBER
Classification number 345.5408
100 ## - MAIN ENTRY--PERSONAL NAME
Personal name Nalwa, Suman
245 ## - TITLE STATEMENT
Title Commentary on the juvenile justice act /
Statement of responsibility, etc by Suman Nalwa [and] Hari Dev Kohli
250 ## - EDITION STATEMENT
Edition statement 2nd ed
260 ## - PUBLICATION, DISTRIBUTION, ETC. (IMPRINT)
Place of publication, distribution, etc Delhi
Name of publisher, distributor, etc Universal Law Publishing
Date of publication, distribution, etc 2016
270 ## - ADDRESS
Address LexisNexis, 14th Floor, Building No.10, DLF Cyber City, Phase-II
City Gurgaon
Postal code 122002
300 ## - PHYSICAL DESCRIPTION
Extent cxii,1776p.
Dimensions 25cm(Hb)
500 ## - GENERAL NOTE
General note Includes index
505 ## - FORMATTED CONTENTS NOTE
Formatted contents note (Rashtrapati Bhawan)
700 ## - ADDED ENTRY--PERSONAL NAME
Personal name Kohli, Hari Dev
942 ## - ADDED ENTRY ELEMENTS (KOHA)
Source of classification or shelving scheme Dewey Decimal Classification
Item type English Books
Call number suffix NAL
Classification part 345.5408
Holdings
Withdrawn status Lost status Not for loan Collection code Home library Current library Date acquired Source of acquisition Cost, normal purchase price Full call number Barcode Copy number Cost, replacement price Koha item type
      Non-fiction Mobile Library Mobile Library 19/02/2018 KKP/BL-61/14.2.2018/EN/SPL/2017-18/769/10.2.2018/16.2.2018 2095.00 345.5408 NAL B-689586 1 2095.00 English Books

© Delhi Public Library
Hit Counter
free hit counter